000 01557nam a22003617a 4500
001 16446447
003 OSt
005 20210426080343.0
008 100903s2011 nyu b 001 0 eng
010 _a 2010037680
020 _a9780465020157 (alk. paper)
020 _a0465020151 (alk. paper)
035 _a(OCoLC)ocn657595508
040 _aDLC
_cDLC
_dYDX
_dBTCTA
_dYDXCP
_dORX
_dJRS
_dDLC
_beng
041 _aeng
050 0 0 _aHD75
_b.K46 2011
080 _a33
_bK-33
082 0 0 _a306
_222
100 1 _aKenny, Charles.
245 1 0 _aGetting better :
_bwhy global development is succeeding : and how we can improve the world even more /
_c/ by: Basic Books
260 _aNew York
_bBasic Books
_cc2011.
300 _ax, 246 p.
_c22 cm.
365 _b26.99 usd
504 _aIncludes bibliographical references (p. 219-234) and index.
505 0 _aAbandoning hope -- The bad news : diverging incomes -- The worse news : it's hard to raise growth rates -- The good news : the end of the Malthusian trap -- The better news : the great convergence in quality of life -- The great news : the best things in life are cheap -- Drivers of the better life : innovation and ideas -- Policies for the quality of life -- The global agenda -- Conclusion : realistic optimism.
650 0 _aEconomic development.
650 0 _aEconomics
_9446
650 0 _aQuality of life.
653 _aეკონომიკა
906 _a7
_bcbc
_corignew
_d1
_eecip
_f20
_gy-gencatlg
942 _2udc
_cBK
999 _c1402
_d1402